000 00507nam a2200205Ia 4500
008 210210b1998 xxu||||| |||| 00| 0 eng d
020 _a0 333 74856 5
082 _a658.81 DONS
100 _aDONALDSON (Bill).
245 _aSales management: theory and practice
250 _a
260 _aLondon
_bMacmillan Press Ltd
_c1998
300 _axix,378
650 _aSales
650 _apractice
650 _amanagement:theory
650 _aand
690 _aMarketing Management
906 _a055918
999 _c103499
_d103499